| 000 | 00441nam a2200169 a 4500 | ||
|---|---|---|---|
| 001 | 0000-8598 | ||
| 003 | ELIB.Books | ||
| 008 | 110520 1944 | ||
| 035 | _a(ELIB.Books)0000-8744 | ||
| 082 |
_aR _bDav |
||
| 100 | _aDavis, John D. | ||
| 245 | _aThe Westminster Dictionary of the Bible | ||
| 260 |
_bPhiladelphia: The Westminster Press _c1944 |
||
| 650 | _aReference | ||
| 942 |
_2ddc _cBK |
||
| 998 |
_cbat _e2011-05-20 |
||
| 999 |
_c8598 _d8598 |
||